00692nam a2200169Ia 4500020001500000020001800015040000800033082002600041100002300067245014700090260007600237300007800313650002600391650002200417650002300439710006000462 a9251055033 a9789251055038 cOSU a639 FOO 2006 A090 Or.1 aHoggarth, Daniel D10aStock assessment for fishery management :ba framework guide to the stock assessment tools of the Fisheries Management and Science Programme / aRome :bFood and Agriculture Organization of the United Nations,cc2006 axvi, 261 p. :bcol. ill. ;c30 cm. +e1 computer optical disc (4 3/4 in.) 0aFish stock assessment 0aFishery resources 0aFishery management2 aFood and Agriculture Organization of the United Nations